000 03153cam a2201237 4500
003 PE-LiUPU
005 20250813185606.0
020 _a847133755X
035 _a(Sirsi) i9788471337559
035 _a(Sirsi) 45561
035 _a(Sirsi) 45561
041 _aes
044 _aes
082 0 4 _a371.207
_bP45
100 1 _aPérez Juste, Ramón
245 _aEvaluación de programas educativos /
_cRamón Pérez Juste.
264 1 _aMadrid :
_bLa Muralla,
_c2006
300 _a565 páginas :
_bilustraciones ;
_c22 cm.
504 _aIncluye bibliografía
505 0 _aEvaluación. Concepto y funciones de la evaluación pedagógica. Una concepción integral, integrada e integradora -- Evolución del concepto -- Repercusiones para la evaluación educativa -- Nuestro concepto de evaluación -- Evaluación y mejo
526 _aP202
526 _aP201
526 _aP163
526 _aP162
526 _aP161
526 _aP160
526 _aP148
526 _aP147
526 _aP146
526 _aP145
526 _aP144
526 _aP143
526 _aP142
526 _aP141
526 _aP140
526 _aP139
526 _aP138
526 _aP137
526 _aP136
526 _aP135
526 _aP134
526 _aP133
526 _aP129
526 _aP128
526 _aP127
526 _aP120
526 _aP119
526 _aP118
526 _aP116
526 _aP115
526 _aP114
526 _aP110
526 _aP109
526 _aP108
526 _aP104
526 _aP103
526 _aP102
526 _aP99
526 _aP98
526 _aP97
526 _aP96
526 _aP95
526 _aP93
526 _aP90
526 _aP89
526 _aP88
526 _aP83
526 _aP82
526 _aP62
526 _aP59
526 _aP58
526 _aP57
526 _aP51
526 _aP49
526 _aP48
526 _aP47
526 _aP29
526 _aP24
526 _aP20
526 _aP19
526 _aP17
526 _aP15
526 _aP14
526 _aP12
526 _aP10
526 _aP09
526 _aP08
526 _aP07
526 _aP06
526 _aP05
526 _aP04
526 _aP01
650 1 4 _aPlanificación educativa
_xMetodología
650 1 4 _aProyectos en educación
650 1 4 _aGestión educacional
_xEvaluación
_vManuales, etc.
650 1 4 _aPlanificación estratégica (Educación)
650 1 4 _aCalidad de la educación
942 _2ddc
_cBOOK
949 _a371.207 P45
_i63117
_lCCODEBUL1
_mBUL
_tLIBRO
_o.STAFF. Colección General
859 _q63117
_h371.207
_iP45
910 _agl
_bjck
_c
_d20110622
596 _a1
999 _aPGE 371.207 P45
_wDEWEY
_c52131
_i63117
_d52131
_e2020-1-13
_f2021-11-8
_g5
_lCCODEBUL1
_mBUL
_n6
_p37.00
_r0
_sY
_tBOOK
_u2015-7-6
_xEDUCACION
_PP57
_0COMPRA
_o.CIRCNOTE. No olvidar cambiar la fecha de devolución!!!!!!!
_o.STAFF. Colección General
980 _81
_gALBERTO SANCHEZ Responsable de Automatización